|
|
|
|
| LEADER |
01120nam a22003137a 4500 |
| 001 |
43584 |
| 003 |
BD-DhAAL |
| 008 |
241021t1998 |||a|||| b||| 001 0 eng d |
| 020 |
|
|
|a 0697391841
|
| 020 |
|
|
|a 9780697391841
|
| 040 |
|
|
|a BD-DhAAL
|c BD-DhAAL
|
| 082 |
|
|
|a 658.3
|2 23
|
| 245 |
|
|
|a Annual editions.
|p Human resources 98/99 /
|c edited by Fred H. Maidment.
|
| 246 |
|
|
|a Human resources 98/99
|
| 250 |
|
|
|a Eighth edition.
|
| 260 |
|
|
|a Guilford, Conn. :
|b Dushkin/McGraw-Hill,
|c c1998.
|
| 300 |
|
|
|a x, 229 pages :
|b illustrations ;
|c 28 cm
|
| 490 |
|
|
|a Annual editions.
|
| 504 |
|
|
|a Includes bibliographical references and index.
|
| 541 |
|
|
|a Savar Campus Library
|e 43584
|
| 650 |
|
|
|a Personnel management.
|
| 650 |
|
|
|a Manpower policy.
|
| 650 |
|
|
|a Human capital.
|
| 700 |
|
|
|a Maidment, Fred H.
|9 57020
|
| 830 |
|
|
|a Annual editions
|
| 852 |
|
|
|a Ayesha Abed Library
|
| 942 |
|
|
|2 ddc
|c BK
|
| 999 |
|
|
|c 47039
|d 47039
|
| 952 |
|
|
|0 0
|1 0
|2 ddc
|4 0
|6 658_300000000000000_ANN
|7 0
|9 76721
|a SCL
|b SCL
|c GEN
|d 2024-10-21
|e Savar Campus Library
|l 1
|o 658.3 ANN
|p 3020043584
|r 2025-06-21
|s 2025-06-21
|t 1
|w 2024-10-21
|y BK
|x Savar Campus Library
|